|
|
|
|
| LEADER |
00000cas a2200000 c 4500 |
| 001 |
376174536 |
| 003 |
DE-627 |
| 005 |
20260207122246.0 |
| 007 |
tu |
| 008 |
040105c20029999gw z| m| 0 |0und c |
| 015 |
|
|
|a 08,A28,0418
|2 dnb
|
| 016 |
7 |
|
|a 025461303
|2 DE-101
|
| 016 |
7 |
|
|a 2130919-X
|2 DE-600
|
| 022 |
|
|
|a 1618-6095
|
| 035 |
|
|
|a (DE-627)376174536
|
| 035 |
|
|
|a (DE-576)102518114
|
| 035 |
|
|
|a (DE-599)ZDB2130919-X
|
| 035 |
|
|
|a (OCoLC)85704978
|
| 040 |
|
|
|a DE-627
|b ger
|c DE-627
|e rakwb
|
| 044 |
|
|
|c XA-DE
|
| 082 |
0 |
4 |
|a 300
|q DE-101
|
| 082 |
0 |
4 |
|a 300
|a 320
|q DE-600
|
| 084 |
|
|
|a 6,23
|2 ssgn
|
| 245 |
0 |
0 |
|a Schriftenreihe Studien zur Migrationsforschung
|
| 246 |
3 |
3 |
|a Studien zur Migrationsforschung
|
| 264 |
3 |
1 |
|a Hamburg
|b Kovač
|c 2002-
|
| 300 |
|
|
|c 21 cm
|
| 336 |
|
|
|a Text
|b txt
|2 rdacontent
|
| 337 |
|
|
|a ohne Hilfsmittel zu benutzen
|b n
|2 rdamedia
|
| 338 |
|
|
|a Band
|b nc
|2 rdacarrier
|
| 362 |
0 |
|
|a 1.2002 -
|
| 363 |
0 |
1 |
|a 1
|i 2002
|
| 515 |
|
|
|a Ersch. unregelmäßig
|
| 655 |
|
7 |
|a Monografische Reihe
|0 (DE-588)4179998-7
|0 (DE-627)104628669
|0 (DE-576)209995106
|2 gnd-content
|
| 889 |
|
|
|w (DE-603)186295324
|
| 935 |
|
|
|i sdedup20221110
|
| 936 |
s |
n |
|a m200
|2 mzub
|
| 951 |
|
|
|a ST
|
| ELC |
|
|
|b 1
|
| LOK |
|
|
|0 000 xxxxxcx a22 zn 4500
|
| LOK |
|
|
|0 001 2485144680
|
| LOK |
|
|
|0 003 DE-627
|
| LOK |
|
|
|0 004 376174536
|
| LOK |
|
|
|0 005 20021218000000
|
| LOK |
|
|
|0 008 021218||||||||||||||||ger|||||||
|
| LOK |
|
|
|0 040
|a DE-21
|c DE-627
|d DE-21
|
| LOK |
|
|
|0 852
|a DE-21
|
| LOK |
|
|
|0 852 1
|9 00
|
| LOK |
|
|
|0 939
|a 18-12-02
|b l01
|
| LOK |
|
|
|0 000 xxxxxcx a22 zn 4500
|
| LOK |
|
|
|0 001 2485144699
|
| LOK |
|
|
|0 003 DE-627
|
| LOK |
|
|
|0 004 376174536
|
| LOK |
|
|
|0 005 20050510000000
|
| LOK |
|
|
|0 008 050510||||||||||||||||ger|||||||
|
| LOK |
|
|
|0 040
|a DE-21-52
|c DE-627
|d DE-21-52
|
| LOK |
|
|
|0 852
|a DE-21-52
|
| LOK |
|
|
|0 852 1
|m p
|9 00
|
| LOK |
|
|
|0 935
|a k052
|
| LOK |
|
|
|0 938
|k p
|
| LOK |
|
|
|0 939
|a 10-05-05
|b l01
|
| LOK |
|
|
|0 000 xxxxxcx a22 zn 4500
|
| LOK |
|
|
|0 001 2510117009
|
| LOK |
|
|
|0 003 DE-627
|
| LOK |
|
|
|0 004 376174536
|
| LOK |
|
|
|0 005 20060613142551
|
| LOK |
|
|
|0 008 060613||||||||||||||||ger|||||||
|
| LOK |
|
|
|0 040
|a DE-Frei85
|c DE-627
|d DE-Frei85
|
| LOK |
|
|
|0 852
|a DE-Frei85
|
| LOK |
|
|
|0 852 1
|m p
|9 00
|
| LOK |
|
|
|0 938
|k p
|
| LOK |
|
|
|0 939
|a 13-06-06
|b l01
|
| ORI |
|
|
|a SA-MARC-krimdokb001.raw
|
| SPR |
|
|
|a 1
|t KRI
|